[Event "Russian Championship (Rapid, Men)"]
[Site "Sochi"]
[Date "2018.10.06"]
[Round "7.8"]
[White "Alekseenko, Kirill"]
[Black "Belyakov, Bogdan"]
[Result "0-1"]
[BlackElo "2523"]
[WhiteElo "2668"]
[LiveChessVersion "1.4.8"]

1. e4 {[%clk 0:15:18]} e5 {[%clk 0:15:19]} 2. Nf3 {[%clk 0:15:25]} Nc6
{[%clk 0:15:28]} 3. Bb5 {[%clk 0:15:33]} Nf6 {[%clk 0:15:37]} 4. d3
{[%clk 0:15:39]} Bc5 {[%clk 0:15:44]} 5. Bxc6 {[%clk 0:15:46]} dxc6
{[%clk 0:15:49]} 6. Qe2 {[%clk 0:15:54]} Nd7 {[%clk 0:14:47]} 7. Be3
{[%clk 0:15:59]} Bxe3 {[%clk 0:14:34]} 8. Qxe3 {[%clk 0:15:56]} c5
{[%clk 0:14:07]} 9. Nc3 {[%clk 0:15:34]} b6 {[%clk 0:13:54]} 10. O-O
{[%clk 0:15:29]} O-O {[%clk 0:13:58]} 11. Rae1 {[%clk 0:14:02]} Re8
{[%clk 0:14:00]} 12. Nd2 {[%clk 0:13:45]} Nf8 {[%clk 0:13:49]} 13. f4
{[%clk 0:13:36]} exf4 {[%clk 0:13:33]} 14. Qxf4 {[%clk 0:13:37]} Be6
{[%clk 0:13:39]} 15. Kh1 {[%clk 0:13:02]} Ng6 {[%clk 0:13:45]} 16. Qg3
{[%clk 0:13:04]} Qd6 {[%clk 0:12:16]} 17. Qxd6 {[%clk 0:11:32]} cxd6
{[%clk 0:12:24]} 18. Nb5 {[%clk 0:11:39]} Red8 {[%clk 0:12:14]} 19. Nc4
{[%clk 0:10:58]} d5 {[%clk 0:10:56]} 20. exd5 {[%clk 0:10:45]} Bxd5
{[%clk 0:11:04]} 21. Nc7 {[%clk 0:09:38]} Rac8 {[%clk 0:11:11]} 22. Nxd5
{[%clk 0:09:46]} Rxd5 {[%clk 0:11:19]} 23. a4 {[%clk 0:09:49]} f6
{[%clk 0:10:08]} 24. Re6 {[%clk 0:08:44]} Kf7 {[%clk 0:08:11]} 25. Rfe1
{[%clk 0:08:50]} Rcd8 {[%clk 0:08:17]} 26. Rc6 {[%clk 0:08:46]} R5d7
{[%clk 0:08:24]} 27. a5 {[%clk 0:07:32]} b5 {[%clk 0:07:37]} 28. Na3
{[%clk 0:07:32]} c4 {[%clk 0:07:42]} 29. dxc4 {[%clk 0:04:52]} Ne5
{[%clk 0:07:41]} 30. Rc5 {[%clk 0:03:36]} Rd1 {[%clk 0:07:38]} 31. Rg1
{[%clk 0:03:45]} Ng4 {[%clk 0:07:11]} 32. g3 {[%clk 0:03:54]} R1d2
{[%clk 0:06:59]} 33. Rh5 {[%clk 0:01:43]} b4 {[%clk 0:06:43]} 34. Nb5
{[%clk 0:01:52]} Rxc2 {[%clk 0:06:50]} 35. Re1 {[%clk 0:01:17]} Rdd2
{[%clk 0:06:40]} 36. c5 {[%clk 0:00:40]} Nxh2 {[%clk 0:06:37]} 37. Nd4
{[%clk 0:00:19]} Rxd4 {[%clk 0:06:39]} 38. Rxh2 {[%clk 0:00:28]} Rxc5
{[%clk 0:06:48]} 39. Rxh7 {[%clk 0:00:28]} Rxa5 {[%clk 0:06:56]} 40. Rh8
{[%clk 0:00:34]} Rd2 {[%clk 0:07:00]} 41. b3 {[%clk 0:00:20]} Rb2
{[%clk 0:06:56]} 42. Rb8 {[%clk 0:00:26]} Rxb3 {[%clk 0:06:54]} 43. Rb7+
{[%clk 0:00:13]} Kg6 {[%clk 0:07:02]} 44. Kh2 {[%clk 0:00:12]} Rh5+
{[%clk 0:07:08]} 45. Kg2 {[%clk 0:00:20]} Rg5 {[%clk 0:07:17]} 46. Rxa7
{[%clk 0:00:20]} Rgxg3+ {[%clk 0:07:25]} 47. Kh2 {[%clk 0:00:29]} Rh3+
{[%clk 0:07:28]} 48. Kg2 {[%clk 0:00:38]} Rhc3 {[%clk 0:07:36]} 49. Re2
{[%clk 0:00:30]} Ra3 {[%clk 0:07:39]} 50. Rb7 {[%clk 0:00:35]} b3
{[%clk 0:07:48]} 0-1

[Event "Russian Championship (Rapid, Men)"]
[Site "Sochi"]
[Date "2018.10.06"]
[Round "7.9"]
[White "Savchenko, Boris"]
[Black "Esipenko, Andrey"]
[Result "1-0"]
[BlackElo "2605"]
[WhiteElo "2652"]
[LiveChessVersion "1.4.8"]

1. Nf3 {[%clk 0:15:18]} Nf6 {[%clk 0:15:17]} 2. c4 {[%clk 0:15:26]} g6
{[%clk 0:15:18]} 3. Nc3 {[%clk 0:15:32]} d5 {[%clk 0:15:27]} 4. d4
{[%clk 0:14:01]} Bg7 {[%clk 0:15:34]} 5. Qb3 {[%clk 0:13:41]} dxc4
{[%clk 0:15:06]} 6. Qxc4 {[%clk 0:13:48]} O-O {[%clk 0:15:11]} 7. e4
{[%clk 0:13:55]} Na6 {[%clk 0:14:34]} 8. Be2 {[%clk 0:14:01]} c5 {[%clk 0:14:36]}
9. d5 {[%clk 0:14:10]} e6 {[%clk 0:14:41]} 10. O-O {[%clk 0:14:16]} exd5
{[%clk 0:14:50]} 11. exd5 {[%clk 0:14:24]} Qb6 {[%clk 0:13:14]} 12. Be3
{[%clk 0:12:06]} Qxb2 {[%clk 0:11:59]} 13. Rab1 {[%clk 0:05:55]} Qa3
{[%clk 0:12:03]} 14. Rb5 {[%clk 0:05:17]} Ng4 {[%clk 0:04:05]} 15. Bd2
{[%clk 0:04:46]} Nc7 {[%clk 0:02:42]} 16. Rb3 {[%clk 0:00:15]} Qa5
{[%clk 0:02:35]} 17. d6 {[%clk 0:00:23]} Na6 {[%clk 0:00:39]} 18. Nd5
{[%clk 0:00:27]} Qd8 {[%clk 0:00:48]} 19. Bg5 {[%clk 0:00:15]} Qxd6
{[%clk 0:00:34]} 20. Ne7+ {[%clk 0:00:21]} Kh8 {[%clk 0:00:42]} 21. Nxc8
{[%clk 0:00:29]} Qd7 {[%clk 0:00:41]} 22. Nd6 {[%clk 0:00:16]} Nxf2
{[%clk 0:00:21]} 23. Nxb7 {[%clk 0:00:14]} Ng4 {[%clk 0:00:19]} 24. Qxa6
{[%clk 0:00:18]} Bd4+ {[%clk 0:00:29]} 25. Kh1 {[%clk 0:00:22]} Nf2+
{[%clk 0:00:32]} 26. Rxf2 {[%clk 0:00:30]} Bxf2 {[%clk 0:00:39]} 27. Qf6+
{[%clk 0:00:29]} Kg8 {[%clk 0:00:48]} 28. Bh6 {[%clk 0:00:37]} Bd4
{[%clk 0:00:57]} 29. Nxd4 {[%clk 0:00:46]} 1-0

[Event "Russian Championship (Rapid, Men)"]
[Site "Sochi"]
[Date "2018.10.06"]
[Round "7.10"]
[White "Timofeev, Artyom"]
[Black "Ofitserian, Boris"]
[Result "1-0"]
[BlackElo "2388"]
[WhiteElo "2636"]
[LiveChessVersion "1.4.8"]

1. c4 {[%clk 0:15:18]} Nf6 {[%clk 0:15:16]} 2. Nc3 {[%clk 0:15:10]} c5
{[%clk 0:15:23]} 3. Nf3 {[%clk 0:15:13]} d5 {[%clk 0:15:10]} 4. cxd5
{[%clk 0:14:59]} Nxd5 {[%clk 0:15:19]} 5. g3 {[%clk 0:15:07]} Nc6
{[%clk 0:15:27]} 6. Bg2 {[%clk 0:15:15]} Nc7 {[%clk 0:15:35]} 7. O-O
{[%clk 0:14:45]} e5 {[%clk 0:15:35]} 8. a3 {[%clk 0:14:53]} Rb8 {[%clk 0:15:23]}
9. d3 {[%clk 0:14:45]} Be7 {[%clk 0:14:37]} 10. Be3 {[%clk 0:14:05]} Be6
{[%clk 0:13:24]} 11. Rc1 {[%clk 0:13:31]} O-O {[%clk 0:10:12]} 12. Na4
{[%clk 0:13:29]} b6 {[%clk 0:08:41]} 13. b4 {[%clk 0:13:34]} e4 {[%clk 0:05:48]}
14. Nd2 {[%clk 0:10:48]} Nd5 {[%clk 0:05:56]} 15. Nxe4 {[%clk 0:10:54]} f5
{[%clk 0:05:34]} 16. Nd2 {[%clk 0:10:28]} Nxe3 {[%clk 0:05:09]} 17. fxe3
{[%clk 0:10:36]} Ne5 {[%clk 0:04:14]} 18. bxc5 {[%clk 0:09:06]} Ng4
{[%clk 0:04:11]} 19. Rf3 {[%clk 0:07:27]} Bg5 {[%clk 0:04:10]} 20. Nf1
{[%clk 0:06:56]} Bd5 {[%clk 0:03:57]} 21. cxb6 {[%clk 0:05:05]} axb6
{[%clk 0:03:41]} 22. e4 {[%clk 0:04:29]} Ba8 {[%clk 0:02:44]} 23. Qb3+
{[%clk 0:03:15]} Kh8 {[%clk 0:02:53]} 24. Re1 {[%clk 0:03:23]} fxe4
{[%clk 0:02:35]} 25. dxe4 {[%clk 0:03:05]} Bxe4 {[%clk 0:02:35]} 26. Rxf8+
{[%clk 0:03:12]} Qxf8 {[%clk 0:02:42]} 27. Bf3 {[%clk 0:03:17]} b5
{[%clk 0:02:05]} 28. Bxg4 {[%clk 0:03:17]} bxa4 {[%clk 0:02:14]} 29. Qxa4
{[%clk 0:03:10]} Qc5+ {[%clk 0:02:10]} 30. e3 {[%clk 0:03:18]} Ba8
{[%clk 0:02:07]} 31. Qd4 {[%clk 0:02:42]} Qc6 {[%clk 0:02:14]} 32. e4
{[%clk 0:02:50]} Be7 {[%clk 0:02:23]} 33. Kg2 {[%clk 0:02:46]} Bxa3
{[%clk 0:02:26]} 34. Re2 {[%clk 0:02:20]} h6 {[%clk 0:02:18]} 35. Bf3
{[%clk 0:02:09]} Rf8 {[%clk 0:02:05]} 36. Ne3 {[%clk 0:01:06]} Bc5
{[%clk 0:01:57]} 37. Qc4 {[%clk 0:01:14]} Qf6 {[%clk 0:01:15]} 38. Nf5
{[%clk 0:01:20]} Bb6 {[%clk 0:01:17]} 39. Qb4 {[%clk 0:01:14]} g6
{[%clk 0:01:00]} 40. Nh4 {[%clk 0:01:23]} Kg7 {[%clk 0:00:31]} 41. Qb3
{[%clk 0:01:31]} Bd4 {[%clk 0:00:18]} 42. Qd3 {[%clk 0:00:56]} Be5
{[%clk 0:00:20]} 43. Ra2 {[%clk 0:01:04]} Qb6 {[%clk 0:00:23]} 44. Qa6
{[%clk 0:00:36]} Bd4 {[%clk 0:00:15]} 45. Qxb6 {[%clk 0:00:33]} Bxb6
{[%clk 0:00:24]} 46. Ra6 {[%clk 0:00:35]} Rb8 {[%clk 0:00:26]} 47. e5
{[%clk 0:00:43]} Bxf3+ {[%clk 0:00:31]} 48. Kxf3 {[%clk 0:00:51]} Kf7
{[%clk 0:00:18]} 49. Ke4 {[%clk 0:01:00]} Bg1 {[%clk 0:00:25]} 50. Rf6+
{[%clk 0:01:03]} Kg8 {[%clk 0:00:17]} 51. Nf3 {[%clk 0:01:04]} Ba7
{[%clk 0:00:17]} 52. Rxg6+ {[%clk 0:01:12]} Kh7 {[%clk 0:00:26]} 53. Rc6
{[%clk 0:01:20]} Rb4+ {[%clk 0:00:30]} 54. Kf5 {[%clk 0:01:28]} Be3
{[%clk 0:00:36]} 55. Rc7+ {[%clk 0:01:30]} Kg8 {[%clk 0:00:45]} 56. e6
{[%clk 0:01:25]} Bb6 {[%clk 0:00:42]} 57. Rb7 {[%clk 0:01:27]} Rb5+
{[%clk 0:00:40]} 58. Kg6 {[%clk 0:01:33]} Kf8 {[%clk 0:00:47]} 59. g4
{[%clk 0:01:18]} Ke8 {[%clk 0:00:51]} 60. h4 {[%clk 0:01:17]} Rb4
{[%clk 0:00:54]} 61. Ne5 {[%clk 0:01:21]} Rb5 {[%clk 0:00:54]} 62. Nc6
{[%clk 0:01:24]} 1-0

[Event "Russian Championship (Rapid, Men)"]
[Site "Sochi"]
[Date "2018.10.06"]
[Round "7.11"]
[White "Truskavetsky, Alexandr"]
[Black "Demchenko, Anton"]
[Result "0-1"]
[BlackElo "2620"]
[WhiteElo "2366"]
[LiveChessVersion "1.4.8"]

1. d4 {[%clk 0:15:17]} Nf6 {[%clk 0:15:18]} 2. c4 {[%clk 0:15:24]} g6
{[%clk 0:15:23]} 3. g3 {[%clk 0:15:30]} Bg7 {[%clk 0:15:33]} 4. Bg2
{[%clk 0:15:37]} O-O {[%clk 0:15:41]} 5. Nc3 {[%clk 0:15:43]} d6 {[%clk 0:15:50]}
6. Nf3 {[%clk 0:15:43]} Nbd7 {[%clk 0:15:43]} 7. O-O {[%clk 0:15:45]} e5
{[%clk 0:15:53]} 8. h3 {[%clk 0:15:37]} exd4 {[%clk 0:15:48]} 9. Nxd4
{[%clk 0:15:44]} Re8 {[%clk 0:15:56]} 10. b3 {[%clk 0:15:43]} Nc5
{[%clk 0:15:48]} 11. Bb2 {[%clk 0:15:38]} c6 {[%clk 0:15:50]} 12. Qc2
{[%clk 0:14:51]} a5 {[%clk 0:15:55]} 13. Rad1 {[%clk 0:14:52]} Qe7
{[%clk 0:16:00]} 14. Rfe1 {[%clk 0:13:51]} Nfe4 {[%clk 0:14:30]} 15. Nxe4
{[%clk 0:13:09]} Nxe4 {[%clk 0:14:37]} 16. e3 {[%clk 0:12:45]} a4
{[%clk 0:13:21]} 17. b4 {[%clk 0:12:16]} a3 {[%clk 0:13:28]} 18. Ba1
{[%clk 0:12:24]} h5 {[%clk 0:12:17]} 19. Qb3 {[%clk 0:07:41]} Bd7
{[%clk 0:10:44]} 20. Qc2 {[%clk 0:06:49]} Kh7 {[%clk 0:06:54]} 21. Rd3
{[%clk 0:06:22]} h4 {[%clk 0:05:39]} 22. g4 {[%clk 0:06:09]} f5 {[%clk 0:05:47]}
23. gxf5 {[%clk 0:05:47]} gxf5 {[%clk 0:05:57]} 24. Qd1 {[%clk 0:05:05]} Qf7
{[%clk 0:05:24]} 25. Ne2 {[%clk 0:03:57]} Bh6 {[%clk 0:03:28]} 26. f3
{[%clk 0:01:04]} Rg8 {[%clk 0:03:15]} 27. fxe4 {[%clk 0:00:52]} fxe4
{[%clk 0:02:28]} 28. Rxd6 {[%clk 0:00:42]} Rxg2+ {[%clk 0:02:11]} 29. Kh1
{[%clk 0:00:25]} Rh2+ {[%clk 0:02:20]} 30. Kxh2 {[%clk 0:00:34]} Qf2+
{[%clk 0:02:29]} 31. Kh1 {[%clk 0:00:42]} Qf3+ {[%clk 0:02:38]} 32. Kh2
{[%clk 0:00:50]} Qxh3+ {[%clk 0:02:47]} 0-1

[Event "Russian Championship (Rapid, Men)"]
[Site "Sochi"]
[Date "2018.10.06"]
[Round "7.12"]
[White "Triapishko, Alexandr"]
[Black "Kobalia, Mikhail"]
[Result "1/2-1/2"]
[BlackElo "2617"]
[WhiteElo "2493"]
[LiveChessVersion "1.4.8"]

1. e4 {[%clk 0:15:12]} c5 {[%clk 0:15:04]} 2. Nf3 {[%clk 0:15:18]} e6
{[%clk 0:15:14]} 3. d4 {[%clk 0:15:22]} cxd4 {[%clk 0:15:22]} 4. Nxd4
{[%clk 0:15:31]} Nc6 {[%clk 0:15:32]} 5. Nc3 {[%clk 0:15:38]} a6 {[%clk 0:15:41]}
6. g3 {[%clk 0:14:53]} d6 {[%clk 0:15:46]} 7. Bg2 {[%clk 0:14:58]} Bd7
{[%clk 0:15:56]} 8. O-O {[%clk 0:14:53]} Nf6 {[%clk 0:16:04]} 9. b3
{[%clk 0:13:22]} Be7 {[%clk 0:16:06]} 10. Bb2 {[%clk 0:13:30]} O-O
{[%clk 0:16:11]} 11. Qd3 {[%clk 0:11:46]} Nxd4 {[%clk 0:16:04]} 12. Qxd4
{[%clk 0:11:54]} Bc6 {[%clk 0:16:11]} 13. Rfe1 {[%clk 0:10:49]} Qc7
{[%clk 0:16:13]} 14. Rad1 {[%clk 0:10:01]} Rfd8 {[%clk 0:16:11]} 15. Qe3
{[%clk 0:08:52]} Re8 {[%clk 0:14:46]} 16. h3 {[%clk 0:06:40]} Rac8
{[%clk 0:14:39]} 17. g4 {[%clk 0:05:51]} b5 {[%clk 0:14:21]} 18. Rd2
{[%clk 0:04:25]} Bb7 {[%clk 0:12:13]} 19. g5 {[%clk 0:03:06]} Nd7
{[%clk 0:12:22]} 20. h4 {[%clk 0:03:08]} Nc5 {[%clk 0:07:42]} 21. a3
{[%clk 0:02:28]} Bc6 {[%clk 0:05:47]} 22. Ne2 {[%clk 0:01:47]} e5
{[%clk 0:05:55]} 23. f4 {[%clk 0:01:10]} Qb7 {[%clk 0:05:25]} 24. Ng3
{[%clk 0:00:48]} Ne6 {[%clk 0:05:15]} 25. Nh5 {[%clk 0:00:14]} d5
{[%clk 0:04:06]} 26. b4 {[%clk 0:00:23]} Bd8 {[%clk 0:03:56]} 27. Qh3
{[%clk 0:00:16]} Bb6+ {[%clk 0:03:58]} 28. Kf1 {[%clk 0:00:18]} dxe4
{[%clk 0:02:25]} 29. Bxe5 {[%clk 0:00:21]} e3 {[%clk 0:02:33]} 30. Rde2
{[%clk 0:00:18]} Nd4 {[%clk 0:01:38]} 31. Bxd4 {[%clk 0:00:12]} Bxd4
{[%clk 0:01:45]} 32. Rd1 {[%clk 0:00:14]} Bb6 {[%clk 0:01:46]} 33. Rd6
{[%clk 0:00:13]} Bxg2+ {[%clk 0:01:50]} 34. Qxg2 {[%clk 0:00:21]} Qxg2+
{[%clk 0:01:47]} 35. Kxg2 {[%clk 0:00:26]} Re6 {[%clk 0:01:56]} 36. Rxe6
{[%clk 0:00:15]} fxe6 {[%clk 0:02:05]} 37. Ng3 {[%clk 0:00:15]} Rc3
{[%clk 0:02:10]} 38. Kf3 {[%clk 0:00:13]} Rxa3 {[%clk 0:02:19]} 39. Ne4
{[%clk 0:00:15]} Kf7 {[%clk 0:01:39]} 40. h5 {[%clk 0:00:22]} h6 {[%clk 0:01:41]}
41. c4 {[%clk 0:00:15]} Bd4 {[%clk 0:01:26]} 42. cxb5 {[%clk 0:00:21]} Ke7
{[%clk 0:01:30]} 43. bxa6 {[%clk 0:00:16]} Rxa6 {[%clk 0:01:39]} 44. gxh6
{[%clk 0:00:23]} gxh6 {[%clk 0:01:49]} 45. Rc2 {[%clk 0:00:24]} Ra1
{[%clk 0:01:35]} 46. Rc7+ {[%clk 0:00:23]} Kd8 {[%clk 0:01:44]} 47. Rc4
{[%clk 0:00:23]} Ba7 {[%clk 0:01:48]} 48. Nc5 {[%clk 0:00:23]} Rh1
{[%clk 0:01:35]} 49. Nxe6+ {[%clk 0:00:16]} Ke7 {[%clk 0:01:36]} 50. Nc5
{[%clk 0:00:14]} Rxh5 {[%clk 0:01:23]} 51. Kxe3 {[%clk 0:00:17]} Kd6
{[%clk 0:01:11]} 52. Ke4 {[%clk 0:00:25]} Rh1 {[%clk 0:00:58]} 53. Rd4+
{[%clk 0:00:15]} Kc6 {[%clk 0:01:07]} 54. Kf3 {[%clk 0:00:17]} h5
{[%clk 0:00:46]} 55. Re4 {[%clk 0:00:16]} Rh3+ {[%clk 0:00:49]} 56. Kg2
{[%clk 0:00:21]} Rc3 {[%clk 0:00:54]} 57. f5 {[%clk 0:00:15]} Bxc5
{[%clk 0:01:01]} 58. bxc5 {[%clk 0:00:22]} Rxc5 {[%clk 0:01:08]} 59. Rf4
{[%clk 0:00:25]} 1/2-1/2

[Event "Russian Championship (Rapid, Men)"]
[Site "Sochi"]
[Date "2018.10.06"]
[Round "7.13"]
[White "Ponkratov, Pavel"]
[Black "Potapov, Pavel"]
[Result "1-0"]
[BlackElo "2509"]
[WhiteElo "2708"]
[LiveChessVersion "1.4.8"]

1. e4 {[%clk 0:15:18]} c5 {[%clk 0:15:19]} 2. Nf3 {[%clk 0:15:26]} Nc6
{[%clk 0:15:26]} 3. d4 {[%clk 0:15:35]} cxd4 {[%clk 0:15:35]} 4. Nxd4
{[%clk 0:15:44]} e5 {[%clk 0:15:43]} 5. Nb5 {[%clk 0:15:52]} d6 {[%clk 0:15:50]}
6. c4 {[%clk 0:16:00]} g6 {[%clk 0:15:23]} 7. N1c3 {[%clk 0:15:56]} a6
{[%clk 0:15:32]} 8. Na3 {[%clk 0:16:05]} Bg7 {[%clk 0:15:28]} 9. Be3
{[%clk 0:16:06]} Be6 {[%clk 0:15:27]} 10. Be2 {[%clk 0:16:04]} Nge7
{[%clk 0:14:25]} 11. O-O {[%clk 0:16:08]} Nd4 {[%clk 0:14:27]} 12. Qd2
{[%clk 0:15:47]} Nec6 {[%clk 0:14:21]} 13. Nd5 {[%clk 0:15:41]} O-O
{[%clk 0:14:17]} 14. Bd3 {[%clk 0:15:45]} Rc8 {[%clk 0:14:05]} 15. Rac1
{[%clk 0:15:42]} f5 {[%clk 0:13:27]} 16. f4 {[%clk 0:15:43]} fxe4
{[%clk 0:13:10]} 17. Bxe4 {[%clk 0:15:51]} Bg4 {[%clk 0:12:50]} 18. Rf2
{[%clk 0:15:31]} Qh4 {[%clk 0:12:36]} 19. Nc2 {[%clk 0:14:00]} Nxc2
{[%clk 0:11:56]} 20. Rxc2 {[%clk 0:13:54]} exf4 {[%clk 0:11:28]} 21. Nxf4
{[%clk 0:13:46]} Rce8 {[%clk 0:10:02]} 22. g3 {[%clk 0:13:23]} Qe7
{[%clk 0:09:35]} 23. Bd5+ {[%clk 0:13:31]} Kh8 {[%clk 0:09:43]} 24. Bxc6
{[%clk 0:13:30]} bxc6 {[%clk 0:09:33]} 25. Bd4 {[%clk 0:13:39]} g5
{[%clk 0:08:06]} 26. Ng2 {[%clk 0:13:15]} Bf3 {[%clk 0:07:33]} 27. Bxg7+
{[%clk 0:13:10]} Qxg7 {[%clk 0:07:41]} 28. Qc3 {[%clk 0:12:50]} g4
{[%clk 0:07:18]} 29. Qxg7+ {[%clk 0:12:36]} Kxg7 {[%clk 0:07:26]} 30. Rfd2
{[%clk 0:12:44]} d5 {[%clk 0:06:46]} 31. cxd5 {[%clk 0:12:35]} cxd5
{[%clk 0:06:50]} 32. Nf4 {[%clk 0:12:29]} Rf7 {[%clk 0:05:18]} 33. Kf2
{[%clk 0:12:28]} Be4 {[%clk 0:03:36]} 34. Rc6 {[%clk 0:12:26]} d4
{[%clk 0:03:30]} 35. Rxa6 {[%clk 0:11:32]} d3 {[%clk 0:03:38]} 36. Rd6
{[%clk 0:11:30]} h5 {[%clk 0:02:36]} 37. Kg1 {[%clk 0:09:26]} Re5
{[%clk 0:01:58]} 38. Re6 {[%clk 0:09:22]} Rxe6 {[%clk 0:01:47]} 39. Nxe6+
{[%clk 0:09:31]} Kh6 {[%clk 0:01:53]} 40. Nf4 {[%clk 0:09:36]} h4
{[%clk 0:01:23]} 41. Kf2 {[%clk 0:09:43]} Kg5 {[%clk 0:01:24]} 42. Ke3
{[%clk 0:09:45]} Bh7 {[%clk 0:01:25]} 43. b4 {[%clk 0:07:52]} Rb7
{[%clk 0:00:49]} 44. Rb2 {[%clk 0:07:12]} Re7+ {[%clk 0:00:41]} 45. Kd2
{[%clk 0:07:01]} Rf7 {[%clk 0:00:49]} 46. b5 {[%clk 0:07:02]} Be4
{[%clk 0:00:31]} 47. b6 {[%clk 0:06:54]} Rh7 {[%clk 0:00:25]} 48. Ke3
{[%clk 0:06:53]} Re7 {[%clk 0:00:32]} 49. Rb5+ {[%clk 0:06:58]} Kf6
{[%clk 0:00:25]} 50. gxh4 {[%clk 0:06:11]} Bc6+ {[%clk 0:00:32]} 51. Kd2
{[%clk 0:06:20]} Bxb5 {[%clk 0:00:13]} 52. Nd5+ {[%clk 0:06:29]} 1-0

[Event "Russian Championship (Rapid, Men)"]
[Site "Sochi"]
[Date "2018.10.06"]
[Round "7.14"]
[White "Chigaev, Maksim"]
[Black "Krylov, Mikhail"]
[Result "1/2-1/2"]
[BlackElo "2481"]
[WhiteElo "2704"]
[LiveChessVersion "1.4.8"]

1. e4 {[%clk 0:15:18]} c5 {[%clk 0:15:18]} 2. Nf3 {[%clk 0:15:26]} e6
{[%clk 0:15:27]} 3. d4 {[%clk 0:15:31]} cxd4 {[%clk 0:15:35]} 4. Nxd4
{[%clk 0:15:39]} Nc6 {[%clk 0:15:43]} 5. Nc3 {[%clk 0:15:48]} Qc7
{[%clk 0:15:51]} 6. a3 {[%clk 0:15:56]} a6 {[%clk 0:15:48]} 7. Be3
{[%clk 0:16:05]} Nf6 {[%clk 0:15:52]} 8. f4 {[%clk 0:16:12]} d6 {[%clk 0:15:56]}
9. Qf3 {[%clk 0:16:21]} Be7 {[%clk 0:14:28]} 10. O-O-O {[%clk 0:16:23]} O-O
{[%clk 0:13:00]} 11. h3 {[%clk 0:16:31]} Nxd4 {[%clk 0:09:00]} 12. Bxd4
{[%clk 0:16:17]} b5 {[%clk 0:09:06]} 13. g4 {[%clk 0:14:27]} Bb7 {[%clk 0:04:55]}
14. g5 {[%clk 0:14:22]} Nd7 {[%clk 0:05:03]} 15. h4 {[%clk 0:14:27]} Rac8
{[%clk 0:04:29]} 16. Rh2 {[%clk 0:09:42]} e5 {[%clk 0:03:10]} 17. Bg1
{[%clk 0:09:38]} f5 {[%clk 0:02:43]} 18. Qh3 {[%clk 0:09:08]} exf4
{[%clk 0:02:22]} 19. exf5 {[%clk 0:09:11]} Ne5 {[%clk 0:02:17]} 20. Nd5
{[%clk 0:05:02]} Bxd5 {[%clk 0:02:14]} 21. Rxd5 {[%clk 0:05:11]} Kh8
{[%clk 0:01:38]} 22. Rhd2 {[%clk 0:04:48]} Rf7 {[%clk 0:01:23]} 23. Bd4
{[%clk 0:02:34]} Rcf8 {[%clk 0:01:09]} 24. Bd3 {[%clk 0:02:42]} Qc6
{[%clk 0:00:36]} 25. Be4 {[%clk 0:02:41]} Qc4 {[%clk 0:00:45]} 26. Kb1
{[%clk 0:01:33]} b4 {[%clk 0:00:36]} 27. axb4 {[%clk 0:01:22]} Qxb4
{[%clk 0:00:41]} 28. Qc3 {[%clk 0:01:25]} Qxc3 {[%clk 0:00:26]} 29. Bxc3
{[%clk 0:01:29]} Nc4 {[%clk 0:00:30]} 30. Rf2 {[%clk 0:01:31]} Ne3
{[%clk 0:00:39]} 31. f6 {[%clk 0:00:41]} gxf6 {[%clk 0:00:25]} 32. Rxf4
{[%clk 0:00:50]} Nxd5 {[%clk 0:00:19]} 33. Bxd5 {[%clk 0:00:59]} Kg7
{[%clk 0:00:21]} 34. h5 {[%clk 0:00:58]} Bd8 {[%clk 0:00:26]} 35. Bxf7
{[%clk 0:00:49]} Rxf7 {[%clk 0:00:34]} 36. Rf5 {[%clk 0:00:44]} Rf8
{[%clk 0:00:35]} 37. Rd5 {[%clk 0:00:15]} Kf7 {[%clk 0:00:45]} 38. Bxf6
{[%clk 0:00:14]} Ke6 {[%clk 0:00:54]} 39. c4 {[%clk 0:00:16]} Bxf6
{[%clk 0:01:02]} 40. gxf6 {[%clk 0:00:25]} Rxf6 {[%clk 0:01:11]} 41. Ra5
{[%clk 0:00:35]} Rf5 {[%clk 0:01:18]} 42. Rxa6 {[%clk 0:00:18]} Rxh5
{[%clk 0:01:26]} 43. Kc2 {[%clk 0:00:27]} Kd7 {[%clk 0:01:31]} 44. b4
{[%clk 0:00:32]} Rh3 {[%clk 0:01:37]} 45. Ra7+ {[%clk 0:00:15]} Kc6
{[%clk 0:01:37]} 46. Ra6+ {[%clk 0:00:24]} Kc7 {[%clk 0:01:43]} 47. Ra7+
{[%clk 0:00:25]} Kc6 {[%clk 0:01:52]} 48. Rg7 {[%clk 0:00:33]} h5
{[%clk 0:01:53]} 49. Rg6 {[%clk 0:00:37]} Kc7 {[%clk 0:02:02]} 50. Rh6
{[%clk 0:00:43]} Kd7 {[%clk 0:02:04]} 51. b5 {[%clk 0:00:27]} Kc7
{[%clk 0:02:11]} 52. Rh7+ {[%clk 0:00:37]} Kc8 {[%clk 0:00:48]} 53. b6
{[%clk 0:00:41]} Rg3 {[%clk 0:00:51]} 54. Rc7+ {[%clk 0:00:47]} Kb8
{[%clk 0:00:59]} 55. Rd7 {[%clk 0:00:53]} Rg6 {[%clk 0:01:07]} 56. Kc3
{[%clk 0:00:58]} Kc8 {[%clk 0:00:45]} 57. Rc7+ {[%clk 0:00:54]} Kb8
{[%clk 0:00:50]} 58. Kb4 {[%clk 0:00:40]} Rh6 {[%clk 0:00:47]} 59. Kb5
{[%clk 0:00:19]} h4 {[%clk 0:00:55]} 60. Rg7 {[%clk 0:00:19]} h3 {[%clk 0:00:31]}
61. Rg8+ {[%clk 0:00:26]} Kb7 {[%clk 0:00:40]} 62. Rg7+ {[%clk 0:00:35]} Kb8
{[%clk 0:00:49]} 63. Ka6 {[%clk 0:00:20]} Rh8 {[%clk 0:00:56]} 64. Rb7+
{[%clk 0:00:29]} Ka8 {[%clk 0:00:35]} 65. Ra7+ {[%clk 0:00:33]} Kb8
{[%clk 0:00:44]} 66. Rb7+ {[%clk 0:00:31]} Ka8 {[%clk 0:00:51]} 67. Ra7+
{[%clk 0:00:40]} Kb8 {[%clk 0:01:01]} 68. Rb7+ {[%clk 0:00:48]} 1/2-1/2